000 00455nam a2200121Ia 4500
008 220620s9999||||xx |||||||||||||| ||und||
100 _aSuriyanarayanan Sarvajayakesavalu
245 0 _aAdvances in Environmental Monitoring and Assessment
546 _aEnglish[eng]
650 _aLife Sciences||Environmental Sciences||Environmental Management
856 _uhttps://www.intechopen.com/books/advances-in-environmental-monitoring-and-assessment
942 _cEB
999 _c27425
_d27425